| 000 | 02246nam0a2200397 4500 | ||
|---|---|---|---|
| 001 | RU\NLR\BIBL_A\011011544 | ||
| 005 | 20260409072101.0 | ||
| 010 |
_a978-5-905823-62-6 _9500 |
||
| 021 |
_aRU _b2016-15104 _9977 |
||
| 035 | _a(NLR Aleph) 011011544 | ||
| 035 | _a(NILC)RuMoRGB-008157298 | ||
| 090 |
_a11026599 _c11026599 |
||
| 100 | _a20160317d2015 k y0rusy50 ca | ||
| 101 | 0 | _arus | |
| 102 | _aRU | ||
| 105 | _aa|||j|||000yy | ||
| 200 | 1 |
_aКоррекция функционального состояния бегунов на средние и длинные дистанции эргогеническими средствами _eметодическое пособие _fМ-во спорта Российской Федерации, Федеральное гос. бюджетное учреждение "Центр спортивной подгот. сборных команд России" _g[подгот.: д.т.н., проф. Э. С. Токаев и др.] |
|
| 210 |
_aМосква _cМЕЛГА _d2015 |
||
| 215 |
_a80 с. _cил. _d21 |
||
| 320 | _aБиблиогр.: с. 75-79 (67 назв.) | ||
| 606 |
_aСпортсмены _xПитание _jМетодические пособия _3RU\NLR\AUTH\66845351 _91863213 |
||
| 606 | 1 |
_aБег (спорт.) на средние дистанции _jМетодические пособия _xТренировка _91133754 _3RU\NLR\AUTH\66131459 |
|
| 606 |
_aБег (спорт.) на средние дистанции _xГигиенические основы _jМетодические пособия _3RU\NLR\AUTH\6601593650 _92278453 |
||
| 610 | 0 | _aэргогенические средства в лёгкой атлетике | |
| 675 | _a796/799 | ||
| 686 | 1 | _aЧ510.811я8 | |
| 686 | 1 | _aЧ517.115.560.8я8 | |
| 686 | 1 | _aЧ517.115.561.5я8 | |
| 702 | 1 |
_4220 _8rus _7ca _aТокаев _bЭ. С. _gЭнвер Саидович _3RU\NLR\AUTH\7784399 _967327 |
|
| 712 | 0 | 2 |
_4570 _aЦентр спортивной подготовки сборных команд России _cМосква _3RU\NLR\AUTH\8810240922 _9367739 |
| 801 | 0 |
_aRU _bРГБ _c20160225 _gRCR |
|
| 942 | _cBOOK | ||
| 980 | _aNBR | ||
| 980 | _aNB | ||